[Event "Plzen op 8th"]
[Site "Plzen"]
[Date "2016.10.14"]
[Round "6"]
[White "Stanislowski, Detlev"]
[Black "Hlozek, David"]
[Result "1/2-1/2"]
[WhiteElo "1966"]
[BlackElo "1744"]
[PlyCount "45"]
[EventDate "2016.10.09"]
[EventType "swiss"]
[EventRounds "7"]
[EventCountry "CZE"]
[SourceTitle "EXT 2017"]
[Source "ChessBase"]
[SourceDate "2016.10.25"]
[SourceVersion "1"]
[SourceVersionDate "2016.10.25"]
[SourceQuality "1"]

1. c4 e5 2. Nc3 Nf6 3. g3 d5 4. cxd5 Nxd5 5. Bg2 Nb6 6. Nf3 Nc6 7. d3 Be7 8. Be3 0-0 9. 0-0 Re8 10. Rc1 Bf8 11. a3 Bg4 12. Ng5 h6 13. Nge4 Be6 14. Nc5 Bxc5 15. Bxc5 Nd5 16. Nxd5 Bxd5 17. Bxd5 Qxd5 18. Be3 Rac8 19. Qa4 Nd4 20. Rfe1 c5 21. Qxa7 c4 22. Bxd4 exd4 23. dxc4 1/2-1/2

[Event "Plzen op 8th"]
[Site "Plzen"]
[Date "2016.10.13"]
[Round "5"]
[White "Timr, Jan"]
[Black "Stanislowski, Detlev"]
[Result "0-1"]
[WhiteElo "1808"]
[BlackElo "1966"]
[PlyCount "44"]
[EventDate "2016.10.09"]
[EventType "swiss"]
[EventRounds "7"]
[EventCountry "CZE"]
[SourceTitle "EXT 2017"]
[Source "ChessBase"]
[SourceDate "2016.10.25"]
[SourceVersion "1"]
[SourceVersionDate "2016.10.25"]
[SourceQuality "1"]

1. d4 d5 2. c4 c6 3. Nc3 Nf6 4. e3 e6 5. Nf3 Nbd7 6. cxd5 exd5 7. Bd3 Bd6 8. 0-0 0-0 9. Bd2 Re8 10. Rc1 Nf8 11. h3 Ng6 12. Re1 Ne4 13. Qc2 f5 14. Ne2 Nh4 15. Bxe4 fxe4 16. Nxh4 Qxh4 17. g3 Qxh3 18. Nf4 Bxf4 19. exf4 Bg4 20. f3 Qxg3+ 21. Kf1 Bh3+ 22. Ke2 Qxf3# 0-1